[Event "Paul Keres mem. (45th) Online"]
[Site "chess.com"]
[Date "2021.05.23"]
[Round "6.5"]
[White "Tang, Edward"]
[Black "Wang, Steven"]
[Result "1/2-1/2"]
[WhiteElo "1697"]
[BlackElo "1660"]
[PlyCount "54"]
[EventDate "2021.05.22"]
[EventType "swiss (rapid)"]
[EventRounds "6"]
[EventCountry "CAN"]

1. d4 d5 2. c4 c6 3. Nf3 Nf6 4. e3 Bf5 5. Nc3 e6 6. Nh4 Bg6 7. Nxg6 hxg6 8. Bd2
Bd6 9. h3 Nbd7 10. Be2 dxc4 11. Bxc4 Qc7 12. Qc2 b5 13. Be2 a5 14. Bf3 Rc8 15.
a4 b4 16. Ne4 Nxe4 17. Qxe4 Nf6 18. Qd3 Ke7 19. Rc1 c5 20. dxc5 Bxc5 21. O-O
Qb8 22. Rfd1 Rhd8 23. Qa6 Qb6 24. Qxb6 Bxb6 25. Rxc8 Rxc8 26. Rc1 Rxc1+ 27.
Bxc1 Kd6 1/2-1/2

[Event "Paul Keres mem. (45th) Online"]
[Site "chess.com"]
[Date "2021.05.23"]
[Round "6.6"]
[White "Brown, Gabriel"]
[Black "Zhang, Joyce"]
[Result "1-0"]
[WhiteElo "2053"]
[BlackElo "1611"]
[PlyCount "75"]
[EventDate "2021.05.22"]
[EventType "swiss (rapid)"]
[EventRounds "6"]
[EventCountry "CAN"]

1. c4 Nf6 2. Nc3 d5 3. cxd5 Nxd5 4. g3 g6 5. Bg2 Nxc3 6. bxc3 Bg7 7. Nf3 Nc6 8.
d4 e5 9. e3 Bf5 10. O-O O-O 11. Qa4 Rb8 12. Nd2 Qd7 13. Re1 b5 14. Qd1 Bh3 15.
Ne4 Bxg2 16. Kxg2 Qd5 17. Qf3 Qe6 18. d5 Qe7 19. dxc6 f5 20. Nd2 e4 21. Qd1 Kh8
22. Qc2 Qc5 23. Rb1 Qxc6 24. Bb2 g5 25. c4 bxc4 26. Bxg7+ Kxg7 27. Qxc4 Qd6 28.
Nb3 Qe7 29. Nd4 Rxb1 30. Rxb1 Kg6 31. Rc1 Rf7 32. Qa6+ Kh5 33. Rc6 Qd6 34. Rxd6
cxd6 35. Qxd6 g4 36. Ne2 Kg5 37. Nf4 Rf6 38. Qe7 1-0

[Event "Paul Keres mem. (45th) Online"]
[Site "chess.com"]
[Date "2021.05.23"]
[Round "6.7"]
[White "Yang, Henry"]
[Black "Kot, Emanuel"]
[Result "0-1"]
[WhiteElo "1545"]
[BlackElo "1975"]
[PlyCount "118"]
[EventDate "2021.05.22"]
[EventType "swiss (rapid)"]
[EventRounds "6"]
[EventCountry "CAN"]

1. d4 d5 2. c4 e6 3. Nf3 Nf6 4. g3 Be7 5. Bg2 O-O 6. O-O dxc4 7. Qc2 a6 8. Qxc4
b5 9. Qc2 Bb7 10. Bd2 Nbd7 11. Ba5 Rc8 12. Nbd2 Qe8 13. b4 Nd5 14. a3 N5b6 15.
Bxb6 cxb6 16. Qd3 Nf6 17. Rac1 Rxc1 18. Rxc1 Qa8 19. Ne1 Bxg2 20. Nxg2 Rc8 21.
Qb1 Nd5 22. Qb2 Rc6 23. e3 Qc8 24. Rxc6 Qxc6 25. Nf4 Nc3 26. Qc1 a5 27. bxa5
bxa5 28. Nb1 b4 29. axb4 axb4 30. Nxc3 Qxc3 31. Qb1 b3 32. Kf1 Qc2 33. Qxc2
bxc2 34. Nd3 Ba3 35. Ke2 c1=Q 36. Nxc1 Bxc1 37. e4 f5 38. f3 fxe4 39. fxe4 Kf7
40. Kd3 Ke7 41. Kc2 Be3 42. Kd3 Bg1 43. h3 Bh2 44. g4 g5 45. Ke3 Kd6 46. Kd3
Kc6 47. Kc4 h6 48. Kb4 Bg1 49. Kc4 Bf2 50. Kd3 Kb5 51. Kc3 Bg1 52. Kd3 Kb4 53.
d5 e5 54. Ke2 Kc4 55. h4 Bb6 56. hxg5 hxg5 57. d6 Kd4 58. Kf3 Kd3 59. d7 Bd8
0-1

[Event "Paul Keres mem. (45th) Online"]
[Site "chess.com"]
[Date "2021.05.23"]
[Round "6.8"]
[White "Basko, Yauheni"]
[Black "Parratt, Mark"]
[Result "1-0"]
[WhiteElo "1589"]
[BlackElo "1669"]
[PlyCount "87"]
[EventDate "2021.05.22"]
[EventType "swiss (rapid)"]
[EventRounds "6"]
[EventCountry "CAN"]

1. Nf3 Nf6 2. g3 g6 3. Bg2 Bg7 4. O-O O-O 5. c4 d5 6. cxd5 Nxd5 7. Nc3 c6 8. a3
Nd7 9. Qc2 e5 10. d3 Re8 11. Bd2 Rb8 12. Rac1 N7f6 13. Ng5 Bg4 14. Rfe1 a6 15.
Qb3 h6 16. Nge4 Nxc3 17. Bxc3 Be6 18. Qa4 Nxe4 19. dxe4 Qc8 20. Ba5 Bh3 21. Bb6
Bxg2 22. Kxg2 Qe6 23. Red1 Re7 24. Qc4 Qc8 25. Qd3 Qe6 26. Rc2 Rc8 27. b4 h5
28. h3 Kh7 29. Rcd2 Bh6 30. e3 Qf6 31. Bd8 h4 32. g4 Qe6 33. Bxe7 Qxe7 34. Qd7
Qf8 35. Qxb7 Bg5 36. Rd7 Kg8 37. R1d6 Rb8 38. Qxc6 Rc8 39. Rc7 Rd8 40. Rxg6+
Kh8 41. Rxg5 f6 42. Rh5+ Kg8 43. Qe6+ Qf7 44. Qxf7# 1-0

[Event "Paul Keres mem. (45th) Online"]
[Site "chess.com"]
[Date "2021.05.23"]
[Round "6.9"]
[White "Guo, Veronica (Yu Han)"]
[Black "Gray, Scott"]
[Result "1-0"]
[WhiteElo "1665"]
[BlackElo "1491"]
[PlyCount "77"]
[EventDate "2021.05.22"]
[EventType "swiss (rapid)"]
[EventRounds "6"]
[EventCountry "CAN"]

1. d4 Nf6 2. Nf3 d5 3. e3 e6 4. Bd3 c5 5. b3 b6 6. Bb2 cxd4 7. exd4 Bb7 8. O-O
Nbd7 9. c4 dxc4 10. Bxc4 Bd6 11. Re1 O-O 12. Nc3 Qc7 13. Nb5 Qc6 14. Nxd6 Qxd6
15. h3 Nd5 16. a4 Rfe8 17. Ba3 Nb4 18. Bb5 a5 19. Ne5 Qd5 20. f3 Bc6 21. Bc4
Qd6 22. Nxc6 Qxc6 23. Rc1 Qb7 24. Bb5 Rac8 25. Qd2 Nd5 26. Qg5 Rxc1 27. Rxc1
Rc8 28. Bc6 Qb8 29. Bxd7 Rxc1+ 30. Qxc1 Nf4 31. Qc8+ Qxc8 32. Bxc8 Ne2+ 33. Kf2
Nxd4 34. b4 Nc2 35. bxa5 bxa5 36. Bc5 Nb4 37. Bxb4 axb4 38. Ke2 Kf8 39. a5 1-0

[Event "Paul Keres mem. (45th) Online"]
[Site "chess.com"]
[Date "2021.05.23"]
[Round "6.10"]
[White "Escandor, Manuel Omana"]
[Black "Kosinski, George"]
[Result "1-0"]
[WhiteElo "1524"]
[BlackElo "1645"]
[PlyCount "81"]
[EventDate "2021.05.22"]
[EventType "swiss (rapid)"]
[EventRounds "6"]
[EventCountry "CAN"]

1. e4 b6 2. b3 Bb7 3. Nc3 e6 4. Bb2 d6 5. Nf3 Nd7 6. Be2 Ngf6 7. d3 g6 8. O-O
Bg7 9. Qd2 O-O 10. Nd1 c5 11. h3 b5 12. Qf4 e5 13. Qd2 a5 14. a4 b4 15. Ne3 Bh6
16. Nh2 Bxe3 17. Qxe3 d5 18. exd5 Nxd5 19. Qg3 Nf4 20. Rfe1 Nxg2 21. Red1 Nf4
22. Bf3 Bxf3 23. Qxf3 Qh4 24. Ng4 Nxh3+ 25. Kf1 f6 26. Ke2 Nf4+ 27. Kd2 h5 28.
Ne3 Qg5 29. Rg1 Qh6 30. Nf5 Qh7 31. Rg3 g5 32. Ne3 e4 33. Qxf4 Kh8 34. Qxe4
Qxe4 35. dxe4 Kh7 36. Rh1 Kg6 37. Nf5 Rae8 38. f3 Rf7 39. Nd6 Rfe7 40. Nxe8
Rxe8 41. Kd3 1-0

[Event "Paul Keres mem. (45th) U1400 Online"]
[Site "chess.com"]
[Date "2021.05.23"]
[Round "5.1"]
[White "Zareei, Mohammad Sadra"]
[Black "Thukral, Simar"]
[Result "1-0"]
[WhiteElo "1359"]
[BlackElo "936"]
[PlyCount "71"]
[EventDate "2021.05.22"]
[EventType "swiss (rapid)"]
[EventRounds "6"]
[EventCountry "CAN"]

1. e4 e6 2. d4 d5 3. exd5 exd5 4. Nc3 Nf6 5. Nf3 c6 6. Bf4 Bd6 7. Ne5 O-O 8.
Bd3 Ng4 9. h3 Nxe5 10. dxe5 Re8 11. O-O Bxe5 12. Bxh7+ Kh8 13. Bxe5 Rxe5 14.
Bd3 Qh4 15. Qd2 Be6 16. f4 Rh5 17. Rae1 Na6 18. Bg6 Rh6 19. f5 Bd7 20. Bxf7 Rf8
21. Bg6 b5 22. Ne4 Kg8 23. Ng5 Qc4 24. Qe3 Qxc2 25. Rc1 Qxb2 26. Rxc6 Nb8 27.
Qe7 Rxg6 28. Rxg6 Qd4+ 29. Kh2 Nc6 30. Qxd7 Qe5+ 31. Kh1 Nd4 32. f6 Nf5 33.
Rxg7+ Kh8 34. Rh7+ Kg8 35. f7+ Rxf7 36. Qxf7# 1-0

[Event "Printanier op Online"]
[Site "Montreal CAN"]
[Date "2021.04.16"]
[Round "1"]
[White "Fundaro, Jean-Pierre"]
[Black "Couture, Jonathan"]
[Result "0-1"]
[WhiteElo "1608"]
[BlackElo "1838"]
[PlyCount "146"]
[EventDate "2021.04.16"]
[EventType "swiss"]
[EventRounds "5"]
[EventCountry "CAN"]

1. e4 Nf6 2. e5 Nd5 3. d4 d6 4. Nf3 dxe5 5. Nxe5 c6 6. Be2 Bf5 7. O-O Nd7 8.
Nf3 e6 9. c4 N5f6 10. Nc3 Bd6 11. Nh4 Bg6 12. Re1 Qc7 13. g3 O-O-O 14. c5 Be7
15. Qa4 Kb8 16. Bf3 Ka8 17. Bf4 Qc8 18. b4 Nd5 19. Nxd5 cxd5 20. Nxg6 hxg6 21.
Rac1 g5 22. Bd6 Bxd6 23. cxd6 Qb8 24. Rc7 Nb6 25. Qb5 Nc8 26. Be2 Nxd6 27. Qc5
Ne4 28. Qe7 Nd6 29. Rd7 Rxd7 30. Qxd7 Qd8 31. Qxd8+ Rxd8 32. Bd3 Re8 33. Rc1
Kb8 34. g4 f6 35. Kg2 e5 36. Rc5 e4 37. Be2 e3 38. Rxd5 exf2 39. Bf3 Ne4 40. h3
Nc3 41. Rd7 Nxa2 42. Rxb7+ Kc8 43. Rxa7 Nxb4 44. Ra4 Re1 45. Kxf2 Nd3+ 46. Kg2
Re3 47. Ra1 Ne1+ 48. Rxe1 Rxe1 49. Kf2 Re7 50. Be2 Kc7 51. Kf3 Kd6 52. Bc4 Re1
53. Bf7 Rh1 54. Kg2 Rd1 55. d5 Ke5 56. Kf3 Rd3+ 57. Kg2 Kf4 58. Kf2 Rxh3 59.
Ke2 Ke5 60. Be6 g6 61. Bf7 Rh6 62. Kf3 f5 63. Be6 Rh3+ 64. Kg2 Rd3 65. Bf7 f4
66. Kf2 Rxd5 67. Bxd5 Kxd5 68. Ke2 Ke4 69. Kf2 f3 70. Kf1 Kf4 71. Kf2 Kxg4 72.
Kf1 Kf4 73. Kf2 g4 0-1

[Event "Printanier op Online"]
[Site "Montreal CAN"]
[Date "2021.04.16"]
[Round "1"]
[White "Guipi Bopala, Prince Eric jr"]
[Black "Lynch, Jonathan"]
[Result "1-0"]
[WhiteElo "1866"]
[BlackElo "1614"]
[PlyCount "75"]
[EventDate "2021.04.16"]
[EventType "swiss"]
[EventRounds "5"]
[EventCountry "CAN"]

1. d4 d6 2. c4 g6 3. Nc3 Bg7 4. e4 Nf6 5. f3 O-O 6. Be3 c6 7. Nge2 Ne8 8. Qd2
Nc7 9. d5 e5 10. dxe6 Bxe6 11. Nf4 Qe7 12. Rd1 Rd8 13. Be2 Rd7 14. O-O Nba6 15.
Nxe6 Nxe6 16. f4 Nec5 17. Bd4 Nxe4 18. Nxe4 Qxe4 19. Bxg7 Kxg7 20. Qc3+ Kg8 21.
Bf3 Qe8 22. f5 g5 23. f6 Qf8 24. Rfe1 Nc7 25. Bg4 Ne6 26. Bxe6 fxe6 27. Rxe6
Re8 28. Rxe8 Qxe8 29. Qg3 h6 30. Re1 Qf7 31. Qh3 h5 32. Qf5 Kf8 33. Qxg5 d5 34.
Qh6+ Kg8 35. Re5 Qh7 36. Rg5+ Rg7 37. Rxg7+ Qxg7 38. Qxg7# 1-0

[Event "Printanier op Online"]
[Site "Montreal CAN"]
[Date "2021.04.16"]
[Round "1"]
[White "Mok, Yuen Tak"]
[Black "Levesque-Duchesne, Merlin"]
[Result "0-1"]
[WhiteElo "2069"]
[BlackElo "1806"]
[PlyCount "82"]
[EventDate "2021.04.16"]
[EventType "swiss"]
[EventRounds "5"]
[EventCountry "CAN"]

1. c4 c6 2. Nf3 d5 3. b3 Bf5 4. g3 e6 5. Bg2 Nf6 6. d3 h6 7. Bb2 Nbd7 8. O-O
Be7 9. Nbd2 O-O 10. a3 a5 11. Ra2 Re8 12. Qa1 Bf8 13. Bc3 c5 14. Bb2 Qb6 15.
Re1 d4 16. b4 e5 17. bxc5 Nxc5 18. Rb1 Qe6 19. a4 Rab8 20. Ba3 Nfd7 21. Rb5 b6
22. Bxc5 Bxc5 23. Nb3 Bh3 24. Nxc5 Nxc5 25. Bh1 Rbd8 26. Rab2 Rd6 27. Nd2 Bf5
28. Bd5 Qg6 29. Nb3 Bd7 30. Nxc5 Bxb5 31. Nb7 Rxd5 32. cxd5 Ba6 33. Qb1 Rc8 34.
Kg2 Bxb7 35. Rxb6 Bxd5+ 36. f3 Qg5 37. Rb5 Be6 38. f4 Qg4 39. Rxe5 f6 40. Rxa5
Qxe2+ 41. Kg1 Bh3 0-1

[Event "Printanier op Online"]
[Site "Montreal CAN"]
[Date "2021.04.16"]
[Round "1"]
[White "Sharifi, Sam"]
[Black "Han, Johnathan"]
[Result "1-0"]
[WhiteElo "1618"]
[BlackElo "1945"]
[PlyCount "85"]
[EventDate "2021.04.16"]
[EventType "swiss"]
[EventRounds "5"]
[EventCountry "CAN"]

1. d4 Nf6 2. c4 e6 3. Nc3 Bb4 4. Qc2 c5 5. Nf3 cxd4 6. Nxd4 O-O 7. Bg5 Be7 8.
e3 d6 9. Be2 a6 10. O-O h6 11. Bh4 Nc6 12. Rad1 Nxd4 13. exd4 Qc7 14. d5 e5 15.
b3 Nh7 16. Bxe7 Qxe7 17. Rfe1 f5 18. f3 Nf6 19. Bd3 g6 20. Na4 Nd7 21. a3 Nb6
22. Nxb6 Rb8 23. b4 Qc7 24. c5 Bd7 25. Nxd7 Qxd7 26. c6 Qf7 27. a4 bxc6 28.
Qxc6 Qe7 29. Bxa6 Qa7+ 30. Kf1 Rb6 31. Qc4 Rxa6 32. a5 Qb7 33. Rc1 Raa8 34. Qh4
Kg7 35. Rc6 Qb5+ 36. Qc4 Qxc4+ 37. Rxc4 Rab8 38. Rb1 Rb5 39. a6 Rb6 40. Rc6
Rbb8 41. b5 Ra8 42. b6 Rxa6 43. b7 1-0

[Event "Printanier op Online"]
[Site "Montreal CAN"]
[Date "2021.04.17"]
[Round "2"]
[White "Couture, Jonathan"]
[Black "Sharifi, Sam"]
[Result "1-0"]
[WhiteElo "1838"]
[BlackElo "1618"]
[PlyCount "103"]
[EventDate "2021.04.16"]
[EventType "swiss"]
[EventRounds "5"]
[EventCountry "CAN"]

1. e4 c5 2. Nf3 Nc6 3. d4 cxd4 4. Nxd4 Nf6 5. Nc3 e5 6. Nde2 Bb4 7. Qd3 d5 8.
exd5 Qxd5 9. Qxd5 Nxd5 10. Bd2 Bxc3 11. Nxc3 Nxc3 12. Bxc3 Bf5 13. O-O-O O-O
14. Bc4 Rac8 15. Rd2 a6 16. Re1 b5 17. Bb3 a5 18. a4 bxa4 19. Bxa4 f6 20. Bxc6
Rxc6 21. Bxa5 Ra8 22. b4 Rac8 23. Ree2 Kf7 24. Kb2 Rb8 25. Re3 Rbc8 26. c3 Rb8
27. f3 h5 28. Re1 Rc5 29. Ra1 Rc6 30. Rad1 Rb7 31. Rd6 Rc8 32. Rd8 Rc5 33. R1d5
Rxd5 34. Rxd5 Rd7 35. Rxd7+ Bxd7 36. c4 Be6 37. Kc3 Ke7 38. b5 Kd7 39. c5 g5
40. c6+ Kc8 41. Kb4 f5 42. Kc5 e4 43. fxe4 fxe4 44. Bd2 g4 45. b6 h4 46. b7+
Kd8 47. b8=Q+ Ke7 48. Bg5+ Kf7 49. Qd8 h3 50. Qf6+ Kg8 51. Bh6 Bf7 52. Qg7# 1-0

[Event "Printanier op Online"]
[Site "Montreal CAN"]
[Date "2021.04.17"]
[Round "2"]
[White "Dupont-Mageau, Nicolas"]
[Black "Turcotte, Jonathan"]
[Result "0-1"]
[WhiteElo "1699"]
[BlackElo "2028"]
[PlyCount "44"]
[EventDate "2021.04.16"]
[EventType "swiss"]
[EventRounds "5"]
[EventCountry "CAN"]

1. e4 c6 2. d4 d5 3. e5 Bf5 4. h4 h5 5. Nf3 e6 6. Bd3 Bxd3 7. Qxd3 Qa5+ 8. Nc3
Qa6 9. Qe3 Bb4 10. Ng5 Nh6 11. f3 Nf5 12. Qf2 Qc4 13. g4 Nxd4 14. Kd1 Nd7 15.
Be3 Bxc3 16. bxc3 Nb5 17. a4 Nxc3+ 18. Kd2 c5 19. f4 d4 20. f5 dxe3+ 21. Qxe3
Nd5 22. Qf3 Nxe5 0-1

[Event "Printanier op Online"]
[Site "Montreal CAN"]
[Date "2021.04.17"]
[Round "2"]
[White "Han, Johnathan"]
[Black "Fundaro, Jean-Pierre"]
[Result "1-0"]
[WhiteElo "1945"]
[BlackElo "1608"]
[PlyCount "69"]
[EventDate "2021.04.16"]
[EventType "swiss"]
[EventRounds "5"]
[EventCountry "CAN"]

1. e4 c6 2. d4 d5 3. Nd2 dxe4 4. Nxe4 Bf5 5. Ng3 Bg6 6. h4 h6 7. Nf3 Nd7 8. h5
Bh7 9. Bd3 Bxd3 10. Qxd3 e6 11. Bd2 Ngf6 12. O-O-O Be7 13. Kb1 O-O 14. Ne4 c5
15. Nxf6+ Bxf6 16. Be3 Qb6 17. c3 cxd4 18. Bxd4 Nc5 19. Qe2 Bxd4 20. Nxd4 Rad8
21. g4 Na4 22. Qc2 Nc5 23. Rhg1 Rd5 24. c4 Rd7 25. Nf3 Rxd1+ 26. Rxd1 Qc6 27.
Ne5 Qe4 28. Qxe4 Nxe4 29. f3 Nc5 30. b4 Na4 31. Rd7 f6 32. Ng6 Rf7 33. Rd8+ Rf8
34. Rxf8+ Kh7 35. Rh8# 1-0

[Event "Printanier op Online"]
[Site "Montreal CAN"]
[Date "2021.04.17"]
[Round "2"]
[White "Hemphrey, David"]
[Black "Mok, Yuen Tak"]
[Result "1/2-1/2"]
[WhiteElo "1685"]
[BlackElo "2069"]
[PlyCount "103"]
[EventDate "2021.04.16"]
[EventType "swiss"]
[EventRounds "5"]
[EventCountry "CAN"]

1. e4 c6 2. d4 d5 3. Nc3 dxe4 4. Nxe4 Nf6 5. Nxf6+ exf6 6. Nf3 Bd6 7. Be2 O-O
8. O-O Bg4 9. a4 Re8 10. h3 Bh5 11. Re1 Nd7 12. Be3 Qc7 13. Nd2 Bg6 14. Nc4
Bh2+ 15. Kh1 Bf4 16. Bg4 Bxe3 17. Nxe3 Rad8 18. c3 Nc5 19. Kg1 Nd3 20. Re2 h5
21. Bf3 Ne5 22. Rd2 Nxf3+ 23. Qxf3 Rd7 24. a5 Rde7 25. Rdd1 Rd7 26. Nc4 Red8
27. b4 Re8 28. Re1 Rde7 29. Rxe7 Rxe7 30. Nd2 Qd7 31. Nb3 Qe6 32. Nc5 Qc4 33.
Qg3 Kh7 34. Rc1 Qe2 35. Kh2 b6 36. axb6 axb6 37. Na4 Qa6 38. Nb2 Qa2 39. Nd1
Qd2 40. Ra1 Re2 41. Qf3 Re1 42. h4 Kh6 43. Ra8 Rxd1 44. Rh8+ Bh7 45. Qf5 g6 46.
Qxf6 Qc1 47. Rxh7+ Kxh7 48. Qxf7+ Kh8 49. Qf8+ Kh7 50. Qf7+ Kh8 51. Qf8+ Kh7
52. Qf7+ 1/2-1/2

[Event "Printanier op Online"]
[Site "Montreal CAN"]
[Date "2021.04.17"]
[Round "2"]
[White "Levesque-Duchesne, Merlin"]
[Black "Guipi Bopala, Prince Eric jr"]
[Result "0-1"]
[WhiteElo "1806"]
[BlackElo "1866"]
[PlyCount "44"]
[EventDate "2021.04.16"]
[EventType "swiss"]
[EventRounds "5"]
[EventCountry "CAN"]

1. d4 d5 2. c4 e6 3. Nf3 Be7 4. Nc3 Nf6 5. Bf4 O-O 6. e3 c6 7. c5 b6 8. b4 a5
9. a3 Nbd7 10. h4 Ne4 11. Nxe4 dxe4 12. Ng5 axb4 13. axb4 Rxa1 14. Qxa1 bxc5
15. bxc5 e5 16. dxe5 Nxc5 17. Bc4 h6 18. e6 fxe6 19. Be5 Nd3+ 20. Bxd3 Qxd3 21.
Qb2 hxg5 22. hxg5 Rd8 0-1

[Event "Printanier op Online"]
[Site "Montreal CAN"]
[Date "2021.04.17"]
[Round "2"]
[White "Stevenson, Larissa"]
[Black "Lesage, Philippe"]
[Result "0-1"]
[WhiteElo "1420"]
[BlackElo "1829"]
[PlyCount "136"]
[EventDate "2021.04.16"]
[EventType "swiss"]
[EventRounds "5"]
[EventCountry "CAN"]

1. e4 c5 2. Nf3 g6 3. d4 cxd4 4. Nxd4 Nc6 5. Nc3 Bg7 6. Be3 Nf6 7. Be2 O-O 8.
O-O d5 9. Nxc6 bxc6 10. exd5 cxd5 11. Bd4 Bb7 12. Re1 Qa5 13. Bb5 e6 14. Qf3
Ne4 15. Bxg7 Kxg7 16. Nxe4 dxe4 17. Qe2 Rfd8 18. c3 Rd6 19. Bc4 Rad8 20. Rad1
Qc5 21. Bb3 Qg5 22. Qe3 Qxe3 23. fxe3 Rd3 24. Kf2 Kf6 25. Kg3 Ke5 26. Kg4 Ba6
27. c4 Bxc4 28. Rxd3 Bxd3 29. Rc1 Rd7 30. Kg5 f6+ 31. Kg4 Kd6 32. Rc8 Be2+ 33.
Kf4 Bd3 34. Re8 e5+ 35. Kg3 Re7 36. Rf8 f5 37. Rf6+ Kd7 38. Ba4+ Kc7 39. Rc6+
Kb7 40. Rc3 Rc7 41. Rxc7+ Kxc7 42. Be8 Bc4 43. a3 Kd6 44. b4 Ke7 45. Bc6 Kd6
46. Be8 a6 47. a4 g5 48. Kf2 f4 49. Bh5 Bd3 50. g3 f3 51. Bxf3 exf3 52. Kxf3
Kd5 53. h4 gxh4 54. gxh4 Kc4 55. b5 axb5 56. axb5 Kxb5 57. e4 Kc4 58. Ke3 Bf1
59. h5 Bg2 60. h6 Bh1 61. Kf2 Kd4 62. Kg3 Bxe4 63. Kg4 Bg6 64. Kg5 e4 65. Kf6
e3 66. Kg7 e2 67. Kg8 e1=Q 68. Kf8 Qe8+ 0-1

[Event "Printanier op Online"]
[Site "Montreal CAN"]
[Date "2021.04.17"]
[Round "3"]
[White "Guipi Bopala, Prince Eric jr"]
[Black "Couture, Jonathan"]
[Result "1-0"]
[WhiteElo "1866"]
[BlackElo "1838"]
[PlyCount "97"]
[EventDate "2021.04.16"]
[EventType "swiss"]
[EventRounds "5"]
[EventCountry "CAN"]

1. d4 d5 2. c4 e6 3. Nf3 c6 4. g3 dxc4 5. Bg2 Nf6 6. Qc2 b5 7. a4 Bb7 8. axb5
cxb5 9. Bg5 Bb4+ 10. Nbd2 Qd5 11. O-O Bxd2 12. Bxf6 gxf6 13. Qxd2 Nc6 14. Qf4
Qd8 15. Rad1 Nb4 16. Qh6 Ke7 17. Qh5 Qd5 18. Qh3 a5 19. Rfe1 Qd7 20. e4 Rag8
21. e5 f5 22. Qh4+ Ke8 23. Qh6 Rg6 24. Qd2 Qd8 25. Nh4 Qxh4 26. Bxb7 Qe7 27.
Bg2 a4 28. d5 exd5 29. Bxd5 Kf8 30. Qc3 Kg7 31. e6+ f6 32. Bxc4 Qc5 33. Rd7+
Kh6 34. Qd2+ f4 35. Qxf4+ Qg5 36. Qxg5+ Rxg5 37. e7 bxc4 38. Rd8 Rgg8 39. Rxg8
Rxg8 40. e8=Q Rxe8 41. Rxe8 Nd3 42. Re2 Kg5 43. Rc2 Kf5 44. Rxc4 Nxb2 45. Rc3
Ke4 46. Rc2 Nd3 47. Rc4+ Kf3 48. Rxa4 Nc1 49. Rf4+ 1-0

[Event "Printanier op Online"]
[Site "Montreal CAN"]
[Date "2021.04.17"]
[Round "3"]
[White "Levesque-Duchesne, Merlin"]
[Black "Stevenson, Larissa"]
[Result "0-1"]
[WhiteElo "1806"]
[BlackElo "1420"]
[PlyCount "98"]
[EventDate "2021.04.16"]
[EventType "swiss"]
[EventRounds "5"]
[EventCountry "CAN"]

1. d4 Nf6 2. c4 e6 3. Nf3 d5 4. Nc3 Nc6 5. e3 Bb4 6. Bd3 dxc4 7. Bxc4 Bxc3+ 8.
bxc3 O-O 9. Qc2 Qe7 10. a4 Qd7 11. e4 Na5 12. Bb5 c6 13. Bd3 h6 14. e5 Nd5 15.
g4 f6 16. exf6 Nxf6 17. Ne5 Qd5 18. Rg1 Nb3 19. Rb1 Nxc1 20. Rxc1 c5 21. Rd1
cxd4 22. cxd4 Qa5+ 23. Rd2 Nd7 24. Bh7+ Kh8 25. Ng6+ Kxh7 26. Nxf8+ Kg8 27.
Nxe6 Nf6 28. Qc7 Qxc7 29. Nxc7 Rb8 30. f3 Bd7 31. Nb5 Bxb5 32. axb5 a6 33. bxa6
bxa6 34. Kf2 Rf8 35. Kg3 Nh7 36. f4 Nf6 37. Ra1 Ne4+ 38. Kg2 Nxd2 39. Rxa6 Rxf4
40. Kg3 Rxd4 41. Ra7 Ne4+ 42. Kf4 Nf6+ 43. Kf5 Nxg4 44. h3 Ne3+ 45. Kg6 Rd6+
46. Kh5 Kh7 47. Rb7 Rd5+ 48. Kh4 Rg5 49. Rxg7+ Rxg7 0-1

[Event "Printanier op Online"]
[Site "Montreal CAN"]
[Date "2021.04.17"]
[Round "3"]
[White "Lynch, Jonathan"]
[Black "Han, Johnathan"]
[Result "0-1"]
[WhiteElo "1614"]
[BlackElo "1945"]
[PlyCount "94"]
[EventDate "2021.04.16"]
[EventType "swiss"]
[EventRounds "5"]
[EventCountry "CAN"]

1. d4 Nf6 2. Bf4 g6 3. Nc3 d5 4. Qd2 h5 5. f3 c5 6. e3 cxd4 7. exd4 a6 8. Nge2
Nc6 9. a3 Bg7 10. b4 O-O 11. Bh6 Re8 12. Bxg7 Kxg7 13. O-O-O Qd6 14. Nb1 Bf5
15. h3 h4 16. Qg5 Rac8 17. Rd2 a5 18. b5 Na7 19. Nf4 Rh8 20. g4 hxg3 21. h4 Nh5
22. Ng2 Qf6 23. Qe3 Rcd8 24. Nc3 Nc8 25. Na4 b6 26. Nc3 Qe6 27. Qxe6 Bxe6 28.
Ne1 Nd6 29. Rg2 Nf5 30. Ne2 Rc8 31. Nd3 Ne3 32. Nxg3 Nxg2 33. Nxh5+ Rxh5 34.
Bxg2 Bf5 35. Kd2 Bxd3 36. cxd3 g5 37. Re1 e6 38. Re5 Rxh4 39. Rxg5+ Kf6 40. Rg3
Rxd4 41. Ke3 Ra4 42. Rg4 Rxg4 43. fxg4 Rc3 44. Kd4 Rxa3 45. g5+ Kxg5 46. Ke5
Rxd3 47. Kd6 Rc3 0-1

[Event "Printanier op Online"]
[Site "Montreal CAN"]
[Date "2021.04.17"]
[Round "3"]
[White "Mok, Yuen Tak"]
[Black "Dupont-Mageau, Nicolas"]
[Result "1-0"]
[WhiteElo "2069"]
[BlackElo "1699"]
[PlyCount "27"]
[EventDate "2021.04.16"]
[EventType "swiss"]
[EventRounds "5"]
[EventCountry "CAN"]

1. e4 b6 2. d4 Bb7 3. Nc3 e6 4. Be3 Bb4 5. f3 Bxc3+ 6. bxc3 Qh4+ 7. Bf2 Qh5 8.
Ne2 Ne7 9. Nf4 Qa5 10. Qd2 d5 11. exd5 Nxd5 12. Nxd5 Qxd5 13. Bd3 Nd7 14. Be4
1-0

[Event "Printanier op Online"]
[Site "Montreal CAN"]
[Date "2021.04.17"]
[Round "3"]
[White "Sharifi, Sam"]
[Black "Hemphrey, David"]
[Result "1/2-1/2"]
[WhiteElo "1618"]
[BlackElo "1685"]
[PlyCount "146"]
[EventDate "2021.04.16"]
[EventType "swiss"]
[EventRounds "5"]
[EventCountry "CAN"]

1. d4 d5 2. c4 c6 3. Nc3 Nf6 4. Nf3 e6 5. a3 Be7 6. Bg5 Nbd7 7. e3 O-O 8. Be2
dxc4 9. Bxc4 b5 10. Be2 Bb7 11. O-O Rc8 12. b4 a5 13. Qb1 h6 14. Bh4 Re8 15.
Rd1 Qb6 16. Bg3 Nf8 17. Bd3 Nh5 18. Ne4 Nxg3 19. Nxg3 Nd7 20. Ne4 Qa7 21. Nc5
Nxc5 22. bxc5 Ra8 23. Ne5 Bf6 24. Bh7+ Kf8 25. Nd7+ Ke7 26. Nxf6 gxf6 27. Bd3
Rg8 28. Re1 Rg5 29. f4 Rg7 30. e4 e5 31. fxe5 fxe5 32. Qb2 Rd8 33. Rf1 Rxd4 34.
Rad1 Qxc5 35. Kh1 Qd6 36. Be2 b4 37. axb4 axb4 38. Qa2 c5 39. Bh5 f5 40. Rxd4
Qxd4 41. Rxf5 c4 42. Qa5 Bxe4 43. Qxe5+ Qxe5 44. Rxe5+ Kd6 45. Rxe4 Kc5 46. Be2
c3 47. Rc4+ Kd5 48. Rxb4 Rc7 49. Rb1 Kd4 50. Kg1 c2 51. Rc1 Ke3 52. Bd1 cxd1=Q+
53. Rxd1 Rc6 54. h3 h5 55. Rd5 Rh6 56. Rf5 h4 57. Kh2 Ke4 58. Rf8 Ke5 59. g3
hxg3+ 60. Kxg3 Rf6 61. Ra8 Kf5 62. Ra5+ Kg6 63. Kg4 Kh7 64. h4 Rg6+ 65. Kh3 Kh6
66. Ra8 Rb6 67. Kg4 Rb4+ 68. Kf5 Rb5+ 69. Ke6 Rb4 70. Rh8+ Kg7 71. Rh5 Rb6+ 72.
Kd7 Rb7+ 73. Kc6 Rb4 1/2-1/2

[Event "Printanier op Online"]
[Site "Montreal CAN"]
[Date "2021.04.17"]
[Round "3"]
[White "Turcotte, Jonathan"]
[Black "Lesage, Philippe"]
[Result "1-0"]
[WhiteElo "2028"]
[BlackElo "1829"]
[PlyCount "101"]
[EventDate "2021.04.16"]
[EventType "swiss"]
[EventRounds "5"]
[EventCountry "CAN"]

1. d4 Nf6 2. c4 e6 3. Nf3 b6 4. g3 Ba6 5. b3 b5 6. cxb5 Bxb5 7. Bg2 d5 8. O-O
Nbd7 9. Ba3 Bxa3 10. Nxa3 Ba6 11. Rc1 Qe7 12. Nc2 Ne4 13. Re1 c5 14. dxc5 Ndxc5
15. Ncd4 O-O 16. Ne5 Rac8 17. b4 Nd7 18. Nec6 Qd6 19. Qa4 Bb7 20. Red1 Bxc6 21.
Rxc6 Rxc6 22. Qxc6 Qxc6 23. Nxc6 Nc3 24. Rd2 a6 25. e4 Nb6 26. Ne7+ Kh8 27.
exd5 exd5 28. Rc2 d4 29. Nc6 Ncd5 30. a3 d3 31. Rd2 Nc3 32. Rxd3 Nb5 33. Be4 g6
34. Ne5 f6 35. Nf3 Rc8 36. Bb7 Rc1+ 37. Kg2 Ra1 38. Bxa6 Nxa3 39. Rd6 Nbc4 40.
Bxc4 Nxc4 41. Rc6 Rc1 42. b5 Rc2 43. Nd4 Ne3+ 44. Kf3 Rxc6 45. Nxc6 Nc4 46. Nd4
Kg8 47. Ke4 Kf7 48. Kd5 Nb6+ 49. Kc6 Nc4 50. b6 Nxb6 51. Kxb6 1-0